000 00435nam a22001457a 4500
005 20260309143940.0
008 260309b |||||||| |||| 00| 0 eng d
020 _a978-178583523-0
100 _aHUGHES, HAILI
245 _aMENTORING IN SCHOOLS
_bHOW TO BECOME AN EXPERT COLLEAGUE
260 _aWALES
_bCROWN HOUSE PUBLISHING
_c2021
300 _aIX, 189P.
650 _aMENTORING IN EDUCATION - EFFECTIVE TEACHING
942 _2lcc
_cBK
999 _c216815
_d216815